| 000 | 00645nam a2200205Ii 4500 | ||
|---|---|---|---|
| 003 | JO-AjNU | ||
| 008 | 230606s9999||||xx |||||||||||||| ||und|| | ||
| 020 | _a978-1-59327-750-5 | ||
| 040 |
_aJO-AjNU _beng _erda _cJO-AjNU |
||
| 041 | _aeng | ||
| 050 | 1 | 4 | _aTK5150.55.F67 2018 |
| 100 | 3 |
_aForshaw, James, _eauthor _96697 |
|
| 245 | 0 | 0 | _aAttacking Network rotocols: A Hacker,s Guide to Capture, Analysis, and Exploitation |
| 264 | 3 | 1 | _aSan Francisco: no starch press, 2018 |
| 300 | _a310p | ||
| 336 |
_atext _btxt _2rdacontent |
||
| 337 |
_aunmediated _bn _2rdamedia |
||
| 338 |
_avolume _bnc _2rdacarrier |
||
| 650 | 4 |
_aComputer Networks _96698 |
|
| 999 |
_aE3478 _c3471 _d3471 |
||